000 00451nam a2200181Ia 4500
001 16541
005 20260306170317.0
008 260306t2019||||xx |||||||||||||| ||und||
041 _aESP
082 _a348.6
_bV19
100 _aValderrama Valderrama, Luis
_eAUT
245 0 _aEl derecho laboral en la jurisprudencia del TC
260 _c2019
300 _a350 páginas :
_c25 cm.
650 _aGEN
654 _aCDE
942 _cLIB
_dJUS
_fJUS
_2ddc
_n
999 _c16541
_d16541